LEADER 03100nam 2200433 450 001 9910794314903321 005 20230823000742.0 010 $a1-83982-070-5 035 $a(CKB)4100000011470707 035 $a(MiAaPQ)EBC6354160 035 $a(EXLCZ)994100000011470707 100 $a20210219d2020 uy 0 101 0 $aeng 135 $aurcnu|||||||| 181 $2rdacontent 182 $2rdamedia 183 $2rdacarrier 200 14$aThe business of choice $ehow human instinct influences everyone's decision /$fby Matthew Willcox 205 $aRevised and updated edition. 210 1$aBingley, UK :$cEmerald Publishing Limited,$d[2020] 210 4$d©2020 215 $a1 online resource (312 pages) 311 $a1-83982-071-3 320 $aIncludes bibliographical references and index. 327 $aPart I The Business, Science, and Nature of Choice -- 1: The Business of Choice -- 2: The Ever-Advancing Science of Choice -- 3: The Natural History of Choice -- Part II Getting Practical Today -- 4: Shortcuts versus Analysis Ignoring is Decisional Bliss -- 5: Getting Familiar -- 6: Thanks for Sharing (Whether You Meant to or Not) -- 7: Now, and the Future Different Places with Different Rules -- 8: Loss and Ownership -- 9: Make People Feel Smart, Attractive or Even Lucky -- 10: Make It Easy For the Mind and the Body -- 11: Never Be Above Comparison -- 12: If Content is King, Context is Queen -- 13: Same and Different; Nature and Nurture -- 14: The Power of Affirmation and Sparking Joy -- Part III Looking Forward -- 15: Think Differently about Market Research -- 16: Think Differently about How You Work -- 17: Choosing without Choosing Artificial Intelligence and Choice -- Conclusion -- Index. 330 $aIn this 2nd edition of award winning The Business of Choice, expert author and consultant Matthew Willcox explores the science of influencing choice, bringing together the work of thousands of behavioral scientists and practitioners. Cutting to the heart of the science, Willcox helps you apply this to your own marketing and brand strategies, allowing you to use an understanding of how humans naturally decide to make your brand or business a natural choice. The Business of Choice takes you through the story of how instinct affects our decisions, from its roots in our evolutionary history, to technology and artificial intelligence today. You'll discover how human nature affects how people decide, whether they are making choices for grocery shopping, or their retirement investments. The first edition of The Business of Choice was awarded the 2016 Berry - American Marketing Association Book Prize for Best Book in Marketing. 606 $aMarketing$xPsychological aspects 606 $aConsumer behavior 615 0$aMarketing$xPsychological aspects. 615 0$aConsumer behavior. 676 $a658.80019 700 $aWillcox$b Matthew$01570101 801 0$bMiAaPQ 801 1$bMiAaPQ 801 2$bMiAaPQ 906 $aBOOK 912 $a9910794314903321 996 $aThe business of choice$93843524 997 $aUNINA LEADER 02226nas 2200673-a 450 001 9910446860503321 005 20240124213015.0 011 $a1557-5136 035 $a(DE-599)ZDB2218545-8 035 $a(OCoLC)60616468 035 $a(CKB)991042725894014 035 $a(CONSER)--2005215140 035 $a(EXLCZ)99991042725894014 100 $a20050614a19709999 s-- a 101 0 $aeng 135 $aurun||||||||| 181 $ctxt$2rdacontent 182 $cc$2rdamedia 183 $acr$2rdacarrier 200 00$aAbstracts in anthropology 210 1$a[Westport, Conn.] :$cGreenwood Press 210 31$a[Thousand Oaks, CA] :$cSage Publications 215 $a1 online resource 300 $aRefereed/Peer-reviewed 311 $a0001-3455 330 8 $aQuarterly. References to journal articles, miscellaneous papers, and books, arranged under sections on archaeology, ethnology, linguistics, and physical anthropology. Cross references. Cross index. 606 $aAnthropology$vAbstracts$vPeriodicals 606 $aLanguage and languages$vAbstracts$vPeriodicals 606 $aAnthropology 606 $aAnthropology$2fast$3(OCoLC)fst00810196 606 $aLanguage and languages$2fast$3(OCoLC)fst00992154 606 $asocial sciences$2aat 606 $aAnthropologie$vRésumés analytiques$vPériodiques 606 $aLangage et langues$vRésumés analytiques$vPériodiques 606 $aAnthropologie 608 $aAbstracts 608 $aAbstracts.$2fast 608 $aPeriodicals.$2fast 608 $aAbstracts.$2lcgft 608 $aPeriodicals.$2lcgft 608 $aheadings.$2aat 608 $aabstracts (summaries)$2aat 608 $aperiodicals.$2aat 608 $aRésumés analytiques.$2rvmgf 608 $aPériodiques.$2rvmgf 615 0$aAnthropology 615 0$aLanguage and languages 615 2$aAnthropology 615 7$aAnthropology. 615 7$aLanguage and languages. 615 7$asocial sciences. 615 6$aAnthropologie 615 6$aLangage et langues 615 6$aAnthropologie. 676 $a306/.05 906 $aJOURNAL 912 $a9910446860503321 996 $aAbstracts in anthropology$92016739 997 $aUNINA